000 00664nam a22001937a 4500
003 BD-DhUL
005 20180121145841.0
008 180121s2010 bg ||||| |||| 00| 0 ben d
020 _a9789843310774
040 _aBD-DhUL
_cBD-DhUL
082 _a891.443
_bCHJ
100 1 _aচৌধুরী, জাফর আহমেদ
245 1 _aজেরিন আপা /
_cজাফর আহমেদ চৌধুরী,
260 _aঢাকা :
_bজ্ঞান বিতরণী,
_c২০১০।
300 _a১১১ পৃ. ;
_c২২ সেমি.
650 0 _aবাংলা উপন্যাস
650 0 _aBengali fiction
942 _2ddc
_cBK
999 _c237302
_d237302